| 000 | 00522nam a2200181Ia 4500 | ||
|---|---|---|---|
| 999 |
_c21540 _d21540 |
||
| 003 | OSt | ||
| 005 | 20200706151507.0 | ||
| 008 | 190216s9999||||xx |||||||||||||| ||und|| | ||
| 020 | _a9780198077350 | ||
| 040 | _coclc | ||
| 082 |
_a954.802 _bSUB/S |
||
| 100 |
_aSubbarayalu, Y _93577 |
||
| 245 | 0 |
_aSouth India Under The Cholas / _cY Subbarayalu |
|
| 260 |
_bOxford University Press, _c2011. _aNew Delhi: |
||
| 300 | _a274p | ||
| 650 | _aHistory | ||
| 942 |
_cBK _2ddc _h954.802 _iSUB/S _k954.802 _mSUB/S |
||